Регионална библиотека "Любен Каравелов" - Русе

Изоставеният пиратски кораб (Запис номер 164753)

MARC детайли
000 -Лидер
Контролно поле с фиксирана дължина nam a22 a 4500
003 - Код на организацията, давaща контролен номер
Контролно поле BLK
005 - Дата и час на последна редакция
Контролно поле 20221212132444.0
008 - Елементи от данни с фиксирана дължина
fixed length control field 180410b bul|||||r ||||||| ||bul||
010 ## - Наследен системен номер
LC control number KNG00172297000
040 ## - Източник на каталожния запис
Идентификатор на билиотеката - собственик на записа BLK
041 ## - Код за език
Код за езика на текст/звукозапис или на отделно заглавие Български
Код за езика КДБФ Български
080 ## - УДК
Текстов определител УДК Немска литература
УДК код - определител по УДК 821.112.2
УДК определител -31
УДК - код + определител 821.112.2-31
100 1# - Редна дума - Автор
Автор Герстекер, Фридрих
Авторска отговорност първи автор
R(LIN) 53702
139 ## - Редно поле
Редна дума Герстекер, Фридрих
Авторски знак Геро - Г 41
245 10 - Сведения за заглавието
Заглавие Изоставеният пиратски кораб
Подзаглавни данни Роман за юноши
Редно поле (дума) Фридрих Герстекер; прев. от нем. Веселин Радков; худож. Владимир Иванов.
257 ## - Страна на издаване
Страна на създаване/издаване Германия
260 ## - Област на издателските данни
Място на издаване, разпространение и проч. Варна
Име на издателя, разпространителя и проч. Георги Бакалов
Година на издаване 1981
Печатница София : Д. Благоев
300 ## - Физическа характеристика
Страници 120 с.
Илюстрации и др. с ил.
Размери/Мащаб 22 см
380 ## - Жанр
Жанр Худож. лит.
500 ## - Общи забележки
Забележка Ориг. загл. Das Wrack des Piraten. - 100 200 тир.
700 1# - Други автори (авторска отговорност)
Лично име Радков, Веселин
Автороска отговорност (Описва отношението между автора и произведението) прев. от нем.
9 (RLIN) 366179
700 1# - Други автори (авторска отговорност)
Лично име Иванов, Владимир
Автороска отговорност (Описва отношението между автора и произведението) худож.
9 (RLIN) 364874
852 ## - Местоположение
Форматна сигнатура Цб 110062
856 4# - Електронен адрес и достъп
Електронен формат pdf - файл
Инструкция (цена за достъп) 0.00
Права за достъп disable
856 4# - Електронен адрес и достъп
Електронен формат pdf - файл
Инструкция (цена за достъп) 0.00
Права за достъп disable
999 ## - СИСТЕМНИ КОНТРОЛНИ НОМЕРА
Koha biblionumber 164753
Koha biblioitemnumber 164753
942 ## - АРТИКУЛИ
Вид на библиотечния материал Книги
Скрит в OPAC Не
Периодичен библиозапис Да
944 ## - СЪЗДАВАНЕ И РЕДАКЦИЯ на ЗАПИСА
Създаване/Редакция Създаване
Дата на регистрацията/редакция 26.02.2015
Статус, дата на статуса 26.02.2015 - от С1,Р / 26.02.2015
Служител, извършил регистрацията/редакцията Любка_Николова
944 ## - СЪЗДАВАНЕ И РЕДАКЦИЯ на ЗАПИСА
Създаване/Редакция Редакция
Дата на регистрацията/редакция 2022-12-12
Статус, дата на статуса 2022-12-12
Служител, извършил регистрацията/редакцията ир
999 ## - СИСТЕМНИ КОНТРОЛНИ НОМЕРА
Koha biblioitemnumber 164753
999 ## - СИСТЕМНИ КОНТРОЛНИ НОМЕРА
Koha biblioitemnumber 164753
Наличности
Код за отписване Код за изгубен артикул Източник на класификационната схема Код за повреда Коз за рестрикции Код за отдаване Артикулен № Име на библиотеката - собственик Име на библиотеката, в която се намира в момента Статус (Текущо местоположение) Дата на вписване в системата Местоположение - отдел Цена в лева Инвентарен номер Систематично азбучна сигнатура Баркод Номер на екземпляра Цена в евро Служебна бележка Служебен тип на артикула Бележка за публиката
  Не е изгубен Universal Decimal Classification Не е повреден само за читалня ползва се в читалня 277426 Регионална библиотека "Любен Каравелов" Русе Регионална библиотека "Любен Каравелов" Русе Хранилище 1981-01-01 Хранилище 0.60 333980 Цб 110062 120000333980 1 0.31 N: стар фонд Дата: 01.01.1981 Книги  
Изтеглен Не е изгубен Universal Decimal Classification Не е повреден без рестрикции заемане за дома 277427 Регионална библиотека "Любен Каравелов" Русе Регионална библиотека "Любен Каравелов" Русе Заемна - подръчен фонд 1981-01-01 Заемна - подръчен фонд 0.60 333687 П 830-3/Г 41 333687 2 0.31 N: стар фонд Дата: 01.01.1981 Книги  
Изтеглен Не е изгубен Universal Decimal Classification Не е повреден без рестрикции заемане за дома 277428 Регионална библиотека "Любен Каравелов" Русе Регионална библиотека "Любен Каравелов" Русе Заемна - подръчен фонд 1981-01-01 Заемна - подръчен фонд 0.60 333689 П 830-3/Г 41 333689 3 0.31 N: стар фонд Дата: 01.01.1981 Книги  
Изтеглен Не е изгубен Universal Decimal Classification Не е повреден без рестрикции заемане за дома 277429 Регионална библиотека "Любен Каравелов" Русе Регионална библиотека "Любен Каравелов" Русе Заемна - подръчен фонд 1981-01-01 Заемна - подръчен фонд 0.60 333692 П 830-3/Г 41 333692 4 0.31 N: стар фонд Дата: 01.01.1981 Книги  
Изтеглен Не е изгубен Universal Decimal Classification Не е повреден без рестрикции заемане за дома 277430 Регионална библиотека "Любен Каравелов" Русе Регионална библиотека "Любен Каравелов" Русе Заемна - подръчен фонд 1981-01-01 Заемна - подръчен фонд 0.60 333693 П 830-3/Г 41 333693 5 0.31 N: стар фонд Дата: 01.01.1981 Книги  
  Не е изгубен Universal Decimal Classification Не е повреден без рестрикции заемане за дома 277431 Регионална библиотека "Любен Каравелов" Русе Регионална библиотека "Любен Каравелов" Русе Детски отдел 1981-01-01 Детски отдел 0.60 333858 ДХ 820/899/Г 41 120000333858 6 0.31 N: стар фонд Дата: 01.01.1981 Дата инв: 08.09.2015 Бележки инв: Д2015 Книги  
Изтеглен Не е изгубен Universal Decimal Classification Не е повреден без рестрикции заемане за дома 277432 Регионална библиотека "Любен Каравелов" Русе Регионална библиотека "Любен Каравелов" Русе Отчислена 1981-01-01 Отчислена 0.60 333859 ДХ 820/899/Г 41 333859 7 0.31 N: стар фонд Дата: 01.01.1981 Дата инв: 08.09.2015 Бележки инв: Д2015 Книги Отч.N: 33/2017 , Дата: 04.09.2017
Изтеглен Не е изгубен Universal Decimal Classification Не е повреден без рестрикции заемане за дома 277433 Регионална библиотека "Любен Каравелов" Русе Регионална библиотека "Любен Каравелов" Русе Отчислена 1981-01-01 Отчислена 1.00 655199 ДХ 820/899/Г 41 655199 8 0.51 N: стар фонд Дата: 01.01.1981 Дата инв: 08.09.2015 Бележки инв: Д2015 Книги Отч.N: 33/2017 , Дата: 04.09.2017
Vip Innovations Ltd, Rousse, Bulgaria 2025